00974 a2200157 45000010006000000050017000060080041000230030015000640400040000790800066001192450027001852640034002123000030002465050517002761000023007934020620260407155657.0260407a1959 arg spa dAR-UNSa-BCEJYS aAR-UNSa-BCEJYSbspacAR-UNSa-BCEJYS a930.85xHistoria de la civilización. Historia de la cultura10aEstudio de la historia 1aBuenos Aires :bEmecéc1959 a2v. (612- 428) p.c23 cm. a1. Introducción - 2. La génesis de las civilizaciones - 3. Los crecimientos de civilizaciones - 4. Los colapsos de las civilizaciones - 5. Las desintegraciones de las civilizaciones - 6. Estados universales - 7. Iglesias universales - 8. Edades heróicas - 9. Contactos entre civilizaciones en el espacio - 10. Contacto entre civilizaciones en el tiempo - 11. Ritmos en las historia de las civilizaciones - 12. Las perspetivas de las civilización occidental - 13. Las inspiracciones de los historiadores.1 aToynbee, Arnold J.